00891nam a22003017a 450000100060000000300090000600500170001500800470003202000150007904000220009409200170011610000170013324500690015026000330021930000290025249000220028149000130030370000220031670000210033883000230035983000130038291000100039594200120040594500280041795201050044595600240055099900150057400260DO-SdBNP20180219150948.0151117b 1984 sp xxu||||| |||| 00| 0 spa d a8485337980 aBPMSUbspacBPMSU axxxxxbxxxxx1 aCasinos, A. 10aLos cetáceos /cA. Casinos, Román Montull, Salvador Filella. aMadrid : bPenthalon,c1984. a151 p. bil. ; c19 cm. 1 aEl búho viajero1 aContacto12aFilella, Salvador12aMontull, Román 0aEl búho viajero. 0aContacto a00260 2ddccBK aInventariado, 2018 / BT 00102ddc40708CI-GaBPMETbBPMETd2015-11-17eFUNDIl0pBPMSU15110312r2015-11-17w2015-11-17yBK aLorenza Pérezb10 c8749d8749